| 000 -LEADER |
| fixed length control field |
01398nam a22002177a 4500 |
| 005 - DATE AND TIME OF LATEST TRANSACTION |
| control field |
20241118151254.0 |
| 008 - FIXED-LENGTH DATA ELEMENTS--GENERAL INFORMATION |
| fixed length control field |
241118b ||||| |||| 00| 0 eng d |
| 020 ## - INTERNATIONAL STANDARD BOOK NUMBER |
| International Standard Book Number |
9780241469897 |
| 040 ## - CATALOGING SOURCE |
| Transcribing agency |
KH8 |
| 082 ## - DEWEY DECIMAL CLASSIFICATION NUMBER |
| Classification number |
560.00 WIN |
| 100 ## - MAIN ENTRY--PERSONAL NAME |
| Personal name |
Winter, Kate |
| Relator term |
Author. |
| 245 ## - TITLE STATEMENT |
| Title |
The fossil hunter |
| Statement of responsibility, etc. |
Kate Winter |
| 260 ## - PUBLICATION, DISTRIBUTION, ETC. |
| Place of publication, distribution, etc. |
London, |
| Name of publisher, distributor, etc. |
Puffin, |
| Date of publication, distribution, etc. |
2024 |
| 300 ## - PHYSICAL DESCRIPTION |
| Extent |
77 pages : |
| Other physical details |
colour illustrations ; |
| Dimensions |
31 cm. |
| 520 ## - SUMMARY, ETC. |
| Summary, etc. |
Unearth the mysteries of ancient fossils and discover the life and legacy of Mary Anning in this beautifully illustrated, fact-filled book for curious young readers. Mary Anning was a fossil hunter, scouring the cliffs and seashores of Lyme Regis for strange rocks and shells. Monstrous marine reptiles and dinosaurs had once reigned the land and seas here millions of years ago, disappearing only to leave mysterious traces for humans to puzzle over. Mary's fossils paved the way for modern palaeontology and helped to piece together a picture of how the dinosaurs lived and evolved. Little did she know that 200 years later we would still be talking about her amazing discoveries and how she influenced our understanding of the history of the earth |
| 650 ## - SUBJECT ADDED ENTRY--TOPICAL TERM |
| Topical term or geographic name entry element |
Anning, Mary, |
| Form subdivision |
Juvenile literature |
| Chronological subdivision |
1799-1847 |
| 650 ## - SUBJECT ADDED ENTRY--TOPICAL TERM |
| Topical term or geographic name entry element |
Fossils |
| Form subdivision |
Juvenile literature |
| 650 ## - SUBJECT ADDED ENTRY--TOPICAL TERM |
| Topical term or geographic name entry element |
Paleontologists |
| Form subdivision |
Juvenile literature |
| 700 ## - ADDED ENTRY--PERSONAL NAME |
| Personal name |
Kate Winter |
| Relator term |
Illustrator |
| 942 ## - ADDED ENTRY ELEMENTS (KOHA) |
| Source of classification or shelving scheme |
|
| Koha item type |
Books - Fiction |